Cargando...

Health and India's economic development: Challenges and opportunities

Detalles Bibliográficos
Autor Principal: Dash, L N
Formato: Printed Book
Publicado: New Delhi Synergy Books India 2013
LEADER 00415nam a22001097a 4500
082 |a 330.0954  |b DAS.H 
100 |a Dash, L N 
245 |a Health and India's economic development: Challenges and opportunities  
260 |a New Delhi  |b Synergy Books India  |c 2013 
942 |c BK 
999 |c 20903  |d 20903 
952 |0 0  |1 0  |4 0  |6 330_095400000000000_DAS_H  |7 0  |9 23451  |a CAMPUS  |b CAMPUS  |d 2017-10-12  |l 0  |o 330.0954 DAS.H  |p 15637  |r 2017-10-12  |w 2017-10-12  |y BK